GÜZEL YAZILAR ŞİİRLER Ü2 21 (Record no. 1143152)

MARC details
000 -LEADER
sabit uzunluktaki kontrol alanı 00274nam a2200097Ia 4500
001 - KONTROL NUMARASI
kontrol alanı 1143152
005 - EN SON İŞLEMİN TARİH VE ZAMANI
kontrol alanı 20250827010150.0
008 - SABİT-UZUNLUKTA VERİ ÖĞELERİ--GENEL BİLGİ
sabit uzunluktaki kontrol alanı 250824s9999 xx 000 0 und d
245 #0 - ESER / YAZAR
ESER ADI GÜZEL YAZILAR ŞİİRLER Ü2 21
Yazar Adı İSMAİL PARLATIR
260 ## - YAYIN, DAĞITIM, VB.
YAYIN EVİ TÜRK DİL KURUMU YAYINLARI
Holdings
Düşüm durumu Kayıp durumu Hasar Durumu Ödünç verilmez Ana kütüphane Geçerli Kütüphane Edinilen tarih Toplam ödünç verme sayısı Barkod Son görüntüleme tarihi Son ödünç verme tarihi Fiyatın geçerli olmaya başladığı tarih Koha materyal türü
        MEHMET ZAHİD KOTKU KIZ ANADOLU İMAM HATİP LİSESİ MEHMET ZAHİD KOTKU KIZ ANADOLU İMAM HATİP LİSESİ 24.08.2025 1 10934698 30.12.2025 17.12.2025 27.08.2025 Books